Megaestructuras : futuro urbano del pasado reciente /

保存先:
書誌詳細
第一著者: Banham, Reyner (autor)
フォーマット: 図書
言語:スペイン語
出版事項: Barcelona, España : Gustavo Gili, 2001, c1978
版:2a edición
主題:
タグ: タグ追加
タグなし, このレコードへの初めてのタグを付けませんか!

MARC

LEADER 00000nam^a2200000^a^4500
001 000184468
005 20250521000000.0
009 20260310102116.044
020 |a 84-252-1851-9 
037 |a Acervo ITESO - Biblioteca 
041 |a ESP 
082 |a 724. 6  |b BAN 
100 |a Banham, Reyner  |e (autor) 
245 1 0 |a Megaestructuras :  |b futuro urbano del pasado reciente /  |c R. Banham ; tr. por Ramón Font. 
250 |a 2a edición 
264 4 |a Barcelona, España :  |b Gustavo Gili,  |c 2001, c1978 
300 |a 223 p. 
336 |a texto  |b txt  |2 rdacontenido 
337 |a sin mediación  |b n  |2 rdamedio 
338 |a volumen  |b nc  |2 rdasoporte 
649 |a XX 
650 |a Urbanismo 
650 |a Arquitectura Moderna -  |x Tema Principal 
650 |a Arquitectura -  |y Siglo XX -  |x Tema Principal 
910 |a Fondo General 
920 |a Impresos - Libros 
930 |a Reserva Especial 
905 |a 103 
901 |a 0500125279  |b IT1  |c REE  |u 20250521 
902 |a https://opac.biblio.iteso.mx/vufind/Record/000184468